[Event "Stay Safe Play From Home 263"]
[Site "Emanuel Lasker Arena"]
[Date "2020.06.29"]
[Round "7"]
[White "Tolka"]
[Black "Mepe_Nika"]
[Result "1-0"]
[WhiteElo "2296"]
[BlackElo "2417"]
[PlyCount "135"]
[EventDate "2020.06.29"]
[EventType "swiss (blitz)"]

1. e4 {[%emt 0:00:02]} e5 {[%emt 0:00:01]} 2. Nc3 {[%emt 0:00:00]} Nf6 {[%emt 0:00:01]} 3. Nf3 {[%emt 0:00:00]} Nc6 {[%emt 0:00:01]} 4. Bb5 {[%emt 0:00:01]} Bc5 {[%emt 0:00:02]} 5. O-O {[%emt 0:00:02]} d6 {[%emt 0:00:01]} 6. d4 {[%emt 0:00:01]} exd4 {[%emt 0:00:01]} 7. Nxd4 {[%emt 0:00:00]} Bd7 {[%emt 0:00:00]} 8. Bxc6 {[%emt 0:00:01]} bxc6 {[%emt 0:00:00]} 9. Nf5 {[%emt 0:00:01]} Bxf5 {[%emt 0:00:02]} 10. exf5 {[%emt 0:00:00]} O-O {[%emt 0:00:01]} 11. Bg5 {[%emt 0:00:01]} h6 {[%emt 0:00:00]} 12. Bh4 {[%emt 0:00:01]} d5 {[%emt 0:00:00]} 13. Qf3 {[%emt 0:00:02]} Be7 {[%emt 0:00:01]} 14. Rfe1 {[%emt 0:00:01]} Rb8 {[%emt 0:00:01]} 15. b3 {[%emt 0:00:01]} Rb4 {[%emt 0:00:01]} 16. Bg3 {[%emt 0:00:01]} Bd6 {[%emt 0:00:01]} 17. Rad1 {[%emt 0:00:02]} Bxg3 {[%emt 0:00:01]} 18. hxg3 {[%emt 0:00:00]} Re8 {[%emt 0:00:02]} 19. Na4 {[%emt 0:00:01]} Rb8 {[%emt 0:00:02]} 20. Nc5 {[%emt 0:00:01]} Qd6 {[%emt 0:00:01]} 21. Nd3 {[%emt 0:00:01]} a5 {[%emt 0:00:02]} 22. Qf4 {[%emt 0:00:01]} a4 {[%emt 0:00:02]} 23. Qxa4 {[%emt 0:00:01]} Ne4 {[%emt 0:00:02]} 24. Qd4 {[%emt 0:00:03]} c5 {[%emt 0:00:02]} 25. Qe3 {[%emt 0:00:01]} Nf6 {[%emt 0:00:03]} 26. Qf4 {[%emt 0:00:01]} c4 {[%emt 0:00:02]} 27. Qxd6 {[%emt 0:00:01]} cxd6 {[%emt 0:00:00]} 28. Nf4 {[%emt 0:00:01]} Rxe1+ {[%emt 0:00:02]} 29. Rxe1 {[%emt 0:00:00]} cxb3 {[%emt 0:00:01]} 30. cxb3 {[%emt 0:00:01]} d4 {[%emt 0:00:00]} 31. Rd1 {[%emt 0:00:01]} Ra8 {[%emt 0:00:01]} 32. Rd2 {[%emt 0:00:01]} Ne4 {[%emt 0:00:01]} 33. Rxd4 {[%emt 0:00:01]} Nc3 {[%emt 0:00:01]} 34. a4 {[%emt 0:00:01]} Rb8 {[%emt 0:00:01]} 35. b4 {[%emt 0:00:02]} Nxa4 {[%emt 0:00:01]} 36. Rxd6 {[%emt 0:00:00] Mepe_Nika offers a draw} Rxb4 {[%emt 0:00:01]} 37. Rd8+ {[%emt 0:00:01]} Kh7 {[%emt 0:00:01]} 38. Nd5 {[%emt 0:00:00]} Rb1+ {[%emt 0:00:02]} 39. Kh2 {[%emt 0:00:00]} Rb5 {[%emt 0:00:03]} 40. f6 {[%emt 0:00:01]} gxf6 {[%emt 0:00:02]} 41. Nxf6+ {[%emt 0:00:01]} Kg6 {[%emt 0:00:00]} 42. Ne4 {[%emt 0:00:00]} Nb6 {[%emt 0:00:01]} 43. Rd6+ {[%emt 0:00:01]} Kg7 {[%emt 0:00:01]} 44. Nc3 {[%emt 0:00:01]} Rb2 {[%emt 0:00:01]} 45. f3 {[%emt 0:00:03]} Nc4 {[%emt 0:00:00]} 46. Rd4 {[%emt 0:00:01]} Ne3 {[%emt 0:00:01]} 47. Nd1 {[%emt 0:00:02]} Nxd1 {[%emt 0:00:01]} 48. Rxd1 {[%emt 0:00:01]} Rb6 {[%emt 0:00:00]} 49. Rd4 {[%emt 0:00:00]} Rg6 {[%emt 0:00:00]} 50. Rg4 {[%emt 0:00:00]} Kh7 {[%emt 0:00:01]} 51. Rxg6 {[%emt 0:00:01]} fxg6 {[%emt 0:00:00]} 52. g4 {[%emt 0:00:00]} Kg7 {[%emt 0:00:00]} 53. Kg3 {[%emt 0:00:00]} Kf6 {[%emt 0:00:00]} 54. Kf4 {[%emt 0:00:00]} g5+ {[%emt 0:00:01]} 55. Ke4 {[%emt 0:00:00]} Ke6 {[%emt 0:00:00]} 56. g3 {[%emt 0:00:00]} Kf6 {[%emt 0:00:01]} 57. Kd5 {[%emt 0:00:00]} h5 {[%emt 0:00:01]} 58. gxh5 {[%emt 0:00:01]} Kf5 {[%emt 0:00:00]} 59. g4+ {[%emt 0:00:01]} Kf6 {[%emt 0:00:01]} 60. h6 {[%emt 0:00:00]} Kf7 {[%emt 0:00:00]} 61. Ke5 {[%emt 0:00:00]} Kg6 {[%emt 0:00:00]} 62. Ke6 {[%emt 0:00:00]} Kxh6 {[%emt 0:00:01]} 63. Kf5 {[%emt 0:00:00]} Kh7 {[%emt 0:00:00]} 64. Kxg5 {[%emt 0:00:00]} Kg7 {[%emt 0:00:00]} 65. f4 {[%emt 0:00:00]} Kf7 {[%emt 0:00:00]} 66. f5 {[%emt 0:00:00]} Kg7 {[%emt 0:00:00]} 67. Kf4 {[%emt 0:00:00]} Kf7 {[%emt 0:00:00]} 68. g5 {[%emt 0:00:00] Time (Lag: Av=0.33s, max=0.6s)} 1-0

[Event "Stay Safe Play From Home 263"]
[Site "Emanuel Lasker Arena"]
[Date "2020.06.29"]
[Round "7"]
[White "BrainThinker22"]
[Black "Bishop91"]
[Result "1-0"]
[WhiteElo "2248"]
[BlackElo "1778"]
[Annotator "NA"]
[PlyCount "131"]
[EventDate "2020.06.29"]
[EventType "swiss (blitz)"]

1. e4 {[%emt 0:00:01]} e6 {[%emt 0:00:00]} 2. Nc3 {[%emt 0:00:01]} d5 {[%emt 0:00:00]} 3. d3 {[%emt 0:00:00]} d4 {[%emt 0:00:01]} 4. Nce2 {[%emt 0:00:01]} e5 {[%emt 0:00:00]} 5. g3 {[%emt 0:00:01]} Bg4 {[%emt 0:00:02]} 6. Bg2 {[%emt 0:00:01]} Nf6 {[%emt 0:00:01]} 7. h3 {[%emt 0:00:00]} Bh5 {[%emt 0:00:01]} 8. f4 {[%emt 0:00:01]} Nc6 {[%emt 0:00:03]} 9. Nf3 {[%emt 0:00:00]} Bxf3 {[%emt 0:00:02]} 10. Bxf3 {[%emt 0:00:00]} Bd6 {[%emt 0:00:01]} 11. O-O {[%emt 0:00:01]} O-O {[%emt 0:00:01]} 12. f5 {[%emt 0:00:01]} a6 {[%emt 0:00:04]} 13. g4 {[%emt 0:00:01]} h6 {[%emt 0:00:02]} 14. g5 {[%emt 0:00:01]} hxg5 {[%emt 0:00:02]} 15. Bxg5 {[%emt 0:00:00]} Be7 {[%emt 0:00:02]} 16. Qd2 {[%emt 0:00:01]} Nh7 {[%emt 0:00:01]} 17. Bxe7 {[%emt 0:00:01]} Qxe7 {[%emt 0:00:01]} 18. Ng3 {[%emt 0:00:00]} Qg5 {[%emt 0:00:01]} 19. Qxg5 {[%emt 0:00:01]} Nxg5 {[%emt 0:00:00]} 20. Kg2 {[%emt 0:00:00]} f6 {[%emt 0:00:02]} 21. h4 {[%emt 0:00:01]} Nf7 {[%emt 0:00:01]} 22. a3 {[%emt 0:00:02]} Nd6 {[%emt 0:00:01]} 23. Bh5 {[%emt 0:00:01]} Rfd8 {[%emt 0:00:02]} 24. Bg6 {[%emt 0:00:00]} Kf8 {[%emt 0:00:01]} 25. h5 {[%emt 0:00:01]} Ke7 {[%emt 0:00:01]} 26. Rh1 {[%emt 0:00:01]} Rh8 {[%emt 0:00:01]} 27. h6 {[%emt 0:00:00]} Rxh6 {[%emt 0:00:01]} 28. Rxh6 {[%emt 0:00:02]} gxh6 {[%emt 0:00:00]} 29. Rh1 {[%emt 0:00:01]} Rh8 {[%emt 0:00:01]} 30. Nh5 {[%emt 0:00:01]} Nf7 {[%emt 0:00:02]} 31. Bxf7 {[%emt 0:00:02]} Kxf7 {[%emt 0:00:01]} 32. Kf2 {[%emt 0:00:00]} Ne7 {[%emt 0:00:04]} 33. Rg1 {[%emt 0:00:01]} Rg8 {[%emt 0:00:01]} 34. Rxg8 {[%emt 0:00:02]} Nxg8 {[%emt 0:00:00]} 35. Kg3 {[%emt 0:00:00]} b6 {[%emt 0:00:01]} 36. Kg4 {[%emt 0:00:00]} c5 {[%emt 0:00:00]} 37. Ng3 {[%emt 0:00:01]} b5 {[%emt 0:00:00]} 38. Kh5 {[%emt 0:00:00]} a5 {[%emt 0:00:02]} 39. Ne2 {[%emt 0:00:01]} c4 {[%emt 0:00:01]} 40. Ng1 {[%emt 0:00:01]} cxd3 {[%emt 0:00:02]} 41. cxd3 {[%emt 0:00:00]} b4 {[%emt 0:00:00]} 42. axb4 {[%emt 0:00:01]} axb4 {[%emt 0:00:01]} 43. Nh3 {[%emt 0:00:00]} Ne7 {[%emt 0:00:01]} 44. Kxh6 {[%emt 0:00:02]} Nc6 {[%emt 0:00:00]} 45. Kh5 {[%emt 0:00:01]} Na5 {[%emt 0:00:00]} 46. Kg4 {[%emt 0:00:01]} Nb3 {[%emt 0:00:00]} 47. Kf3 {[%emt 0:00:01]} Nc1 {[%emt 0:00:00]} 48. Nf2 {[%emt 0:00:02]} Nb3 {[%emt 0:00:00]} 49. Ke2 {[%emt 0:00:01]} Nc1+ {[%emt 0:00:01]} 50. Kd2 {[%emt 0:00:01]} Nb3+ {[%emt 0:00:00]} 51. Kc2 {[%emt 0:00:00]} Na5 {[%emt 0:00:00]} 52. b3 {[%emt 0:00:01]} Nc6 {[%emt 0:00:01]} 53. Nd1 {[%emt 0:00:00]} Na5 {[%emt 0:00:00]} 54. Nb2 {[%emt 0:00:00]} Nc6 {[%emt 0:00:00]} 55. Nc4 {[%emt 0:00:00]} Kg7 {[%emt 0:00:01]} 56. Nd6 {[%emt 0:00:01]} Kf8 {[%emt 0:00:01]} 57. Nb7 {[%emt 0:00:01]} Ke7 {[%emt 0:00:00]} 58. Nc5 {[%emt 0:00:01]} Kf7 {[%emt 0:00:00]} 59. Na6 {[%emt 0:00:02]} Kg7 {[%emt 0:00:00]} 60. Nxb4 {[%emt 0:00:01]} Nxb4+ {[%emt 0:00:03]} 61. Kd2 {[%emt 0:00:01]} Nc6 {[%emt 0:00:00]} 62. b4 {[%emt 0:00:00]} Nxb4 {[%emt 0:00:00]} 63. Ke2 {[%emt 0:00:01]} Nc6 {[%emt 0:00:00]} 64. Kd2 {[%emt 0:00:01]} Ne7 {[%emt 0:00:00]} 65. Kc2 {[%emt 0:00:00]} Nc6 {[%emt 0:00:00]} 66. Kb3 {[%emt 0:00:00] Time} 1-0

[Event "Stay Safe Play From Home 263"]
[Site "Emanuel Lasker Arena"]
[Date "2020.06.29"]
[Round "7"]
[White "SoulofWolf"]
[Black "Lazieri3"]
[Result "0-1"]
[WhiteElo "2158"]
[BlackElo "2065"]
[PlyCount "70"]
[EventDate "2020.06.29"]
[EventType "swiss (blitz)"]

1. d3 {[%emt 0:00:00]} c6 {[%emt 0:00:00]} 2. e4 {[%emt 0:00:01]} d5 {[%emt 0:00:00]} 3. Bf4 {[%emt 0:00:01]} Nf6 {[%emt 0:00:02]} 4. e5 {[%emt 0:00:01]} Nfd7 {[%emt 0:00:01]} 5. Nf3 {[%emt 0:00:01]} Nb6 {[%emt 0:00:02]} 6. a4 {[%emt 0:00:01]} Bf5 {[%emt 0:00:00]} 7. a5 {[%emt 0:00:01]} N6d7 {[%emt 0:00:01]} 8. h3 {[%emt 0:00:00]} e6 {[%emt 0:00:01]} 9. g4 {[%emt 0:00:01]} Bg6 {[%emt 0:00:01]} 10. Bg2 {[%emt 0:00:00]} h6 {[%emt 0:00:01]} 11. O-O {[%emt 0:00:01]} Na6 {[%emt 0:00:02]} 12. b3 {[%emt 0:00:01]} Nc7 {[%emt 0:00:01]} 13. Nbd2 {[%emt 0:00:00]} Be7 {[%emt 0:00:01]} 14. Qe2 {[%emt 0:00:01]} O-O {[%emt 0:00:00]} 15. c4 {[%emt 0:00:00]} dxc4 {[%emt 0:00:01]} 16. Nxc4 {[%emt 0:00:01]} Nd5 {[%emt 0:00:01]} 17. Bd2 {[%emt 0:00:02]} Nc5 {[%emt 0:00:02]} 18. Ne1 {[%emt 0:00:08]} Nxb3 {[%emt 0:00:01]} 19. Ra2 {[%emt 0:00:01]} Nxd2 {[%emt 0:00:01]} 20. Rxd2 {[%emt 0:00:00]} Nf4 {[%emt 0:00:02]} 21. Qe3 {[%emt 0:00:03]} Nxg2 {[%emt 0:00:02]} 22. Kxg2 {[%emt 0:00:00]} Bb4 {[%emt 0:00:03]} 23. Rd1 {[%emt 0:00:01]} Bxa5 {[%emt 0:00:01]} 24. f4 {[%emt 0:00:01]} Bb6 {[%emt 0:00:01]} 25. Qe2 {[%emt 0:00:01]} Qd4 {[%emt 0:00:02]} 26. Nf3 {[%emt 0:00:01]} Qc3 {[%emt 0:00:02]} 27. Nh4 {[%emt 0:00:05]} Bh7 {[%emt 0:00:02]} 28. f5 {[%emt 0:00:00]} exf5 {[%emt 0:00:01]} 29. gxf5 {[%emt 0:00:00]} Rad8 {[%emt 0:00:01]} 30. Rf3 {[%emt 0:00:03]} Rd4 {[%emt 0:00:02]} 31. Kg3 {[%emt 0:00:04]} Bc7 {[%emt 0:00:02]} 32. Rd2 {[%emt 0:00:07]} b5 {[%emt 0:00:01]} 33. Rc2 {[%emt 0:00:02]} Qa1 {[%emt 0:00:02]} 34. Nd6 {[%emt 0:00:01]} Rxd6 {[%emt 0:00:03]} 35. e6 {[%emt 0:00:01]} Rxe6+ {[%emt 0:00:02] SoulofWolf poddaje siê (Lag: Av=0.85s, max=5.1s)} 0-1

[Event "Stay Safe Play From Home 263"]
[Site "Emanuel Lasker Arena"]
[Date "2020.06.29"]
[Round "7"]
[White "Weltszmerc"]
[Black "Fischer_11"]
[Result "1-0"]
[WhiteElo "2117"]
[BlackElo "1935"]
[Annotator "NA"]
[PlyCount "61"]
[EventDate "2020.06.29"]
[EventType "swiss (blitz)"]

1. d4 {[%emt 0:00:01]} e5 {[%emt 0:00:02]} 2. c4 {[%emt 0:00:00]} exd4 {[%emt 0:00:01]} 3. Nf3 {[%emt 0:00:00]} c5 {[%emt 0:00:01]} 4. e3 {[%emt 0:00:00]} dxe3 {[%emt 0:00:00]} 5. Bxe3 {[%emt 0:00:01]} Nf6 {[%emt 0:00:00]} 6. h3 {[%emt 0:00:01]} Be7 {[%emt 0:00:00]} 7. Nc3 {[%emt 0:00:00]} O-O {[%emt 0:00:00]} 8. Be2 {[%emt 0:00:00]} b6 {[%emt 0:00:00]} 9. O-O {[%emt 0:00:00]} Bb7 {[%emt 0:00:00]} 10. b3 {[%emt 0:00:02]} Nc6 {[%emt 0:00:00]} 11. Nd5 {[%emt 0:00:01]} Nxd5 {[%emt 0:00:01]} 12. cxd5 {[%emt 0:00:00]} Nb4 {[%emt 0:00:01]} 13. d6 {[%emt 0:00:01]} Bf6 {[%emt 0:00:02]} 14. a3 {[%emt 0:00:00]} Bxa1 {[%emt 0:00:03]} 15. Qxa1 {[%emt 0:00:00]} Nd5 {[%emt 0:00:01]} 16. Bg5 {[%emt 0:00:03]} Nf6 {[%emt 0:00:03]} 17. Bd3 {[%emt 0:00:03]} Bxf3 {[%emt 0:00:03]} 18. gxf3 {[%emt 0:00:01]} h6 {[%emt 0:00:02]} 19. Bh4 {[%emt 0:00:01]} Re8 {[%emt 0:00:04]} 20. Kh1 {[%emt 0:00:01]} Re6 {[%emt 0:00:02]} 21. Rg1 {[%emt 0:00:01]} Kh8 {[%emt 0:00:05]} 22. Be4 {[%emt 0:00:02]} Rc8 {[%emt 0:00:03]} 23. Bd5 {[%emt 0:00:01]} Rxd6 {[%emt 0:00:03]} 24. Bxf7 {[%emt 0:00:01]} Qe7 {[%emt 0:00:00]} 25. Bg6 {[%emt 0:00:01]} Re6 {[%emt 0:00:02]} 26. Qc3 {[%emt 0:00:07]} Re1 {[%emt 0:00:03]} 27. Rxe1 {[%emt 0:00:02]} Qxe1+ {[%emt 0:00:00]} 28. Qxe1 {[%emt 0:00:01]} Rf8 {[%emt 0:00:01]} 29. Bxf6 {[%emt 0:00:01]} gxf6 {[%emt 0:00:02]} 30. Qe7 {[%emt 0:00:01]} Rg8 {[%emt 0:00:01]} 31. Qh7# {[%emt 0:00:01] (Lag: Av=0.51s, max=0.7s)} 1-0

[Event "Stay Safe Play From Home 263"]
[Site "Emanuel Lasker Arena"]
[Date "2020.06.29"]
[Round "7"]
[White "Bardellosport"]
[Black "Jhhonnyy"]
[Result "1-0"]
[WhiteElo "2012"]
[BlackElo "2377"]
[PlyCount "99"]
[EventDate "2020.06.29"]
[EventType "swiss (blitz)"]

1. Nf3 {[%emt 0:00:01]} Nf6 {[%emt 0:00:02]} 2. g3 {[%emt 0:00:00]} g6 {[%emt 0:00:00]} 3. Bg2 {[%emt 0:00:00]} Bg7 {[%emt 0:00:00]} 4. d3 {[%emt 0:00:00]} O-O {[%emt 0:00:00]} 5. Nbd2 {[%emt 0:00:00]} c5 {[%emt 0:00:00]} 6. O-O {[%emt 0:00:00]} Nc6 {[%emt 0:00:00]} 7. e4 {[%emt 0:00:00]} d6 {[%emt 0:00:01]} 8. c3 {[%emt 0:00:00]} h6 {[%emt 0:00:02]} 9. Qc2 {[%emt 0:00:00]} e5 {[%emt 0:00:01]} 10. h4 {[%emt 0:00:01]} b6 {[%emt 0:00:00]} 11. Nc4 {[%emt 0:00:01]} Be6 {[%emt 0:00:01]} 12. Ne3 {[%emt 0:00:01]} Rc8 {[%emt 0:00:01]} 13. b3 {[%emt 0:00:01]} d5 {[%emt 0:00:00]} 14. Bb2 {[%emt 0:00:01]} Re8 {[%emt 0:00:01]} 15. exd5 {[%emt 0:00:01]} Nxd5 {[%emt 0:00:01]} 16. Nxd5 {[%emt 0:00:00]} Bxd5 {[%emt 0:00:00]} 17. c4 {[%emt 0:00:01]} Be6 {[%emt 0:00:02]} 18. Nd2 {[%emt 0:00:01]} Nd4 {[%emt 0:00:01]} 19. Bxd4 {[%emt 0:00:01]} exd4 {[%emt 0:00:01]} 20. Ne4 {[%emt 0:00:00]} Bf5 {[%emt 0:00:01]} 21. Rae1 {[%emt 0:00:02]} Kh7 {[%emt 0:00:01]} 22. f4 {[%emt 0:00:01]} Bg4 {[%emt 0:00:01]} 23. Bf3 {[%emt 0:00:01]} Be6 {[%emt 0:00:03]} 24. Qg2 {[%emt 0:00:02]} Qd7 {[%emt 0:00:02]} 25. g4 {[%emt 0:00:02]} Qd8 {[%emt 0:00:02]} 26. g5 {[%emt 0:00:03]} h5 {[%emt 0:00:01]} 27. Qe2 {[%emt 0:00:01]} a6 {[%emt 0:00:01]} 28. Bxh5 {[%emt 0:00:01]} gxh5 {[%emt 0:00:01]} 29. Qxh5+ {[%emt 0:00:00]} Kg8 {[%emt 0:00:00]} 30. Nf6+ {[%emt 0:00:01]} Bxf6 {[%emt 0:00:01]} 31. gxf6 {[%emt 0:00:00]} Qxf6 {[%emt 0:00:02]} 32. Re2 {[%emt 0:00:00]} Kf8 {[%emt 0:00:02]} 33. Rg2 {[%emt 0:00:01]} Ke7 {[%emt 0:00:00]} 34. Qf3 {[%emt 0:00:01]} Rg8 {[%emt 0:00:01]} 35. f5 {[%emt 0:00:01]} Rxg2+ {[%emt 0:00:02]} 36. Qxg2 {[%emt 0:00:00]} Bd7 {[%emt 0:00:02]} 37. Re1+ {[%emt 0:00:01]} Kd8 {[%emt 0:00:02]} 38. Rf1 {[%emt 0:00:03]} Qxh4 {[%emt 0:00:01]} 39. f6 {[%emt 0:00:02]} Qh6 {[%emt 0:00:01]} 40. Qg8+ {[%emt 0:00:01]} Kc7 {[%emt 0:00:01]} 41. Qxf7 {[%emt 0:00:01]} Qe3+ {[%emt 0:00:01]} 42. Rf2 {[%emt 0:00:01]} Qe1+ {[%emt 0:00:02]} 43. Kg2 {[%emt 0:00:01]} Qe3 {[%emt 0:00:05]} 44. Rf3 {[%emt 0:00:02]} Qg5+ {[%emt 0:00:01]} 45. Rg3 {[%emt 0:00:01]} Qd2+ {[%emt 0:00:01]} 46. Kg1 {[%emt 0:00:02]} Qe1+ {[%emt 0:00:01]} 47. Kg2 {[%emt 0:00:01]} Qe2+ {[%emt 0:00:00]} 48. Kg1 {[%emt 0:00:01]} Kd6 {[%emt 0:00:01]} 49. Qe7+ {[%emt 0:00:02]} Kc7 {[%emt 0:00:01]} 50. Qxe2 {[%emt 0:00:01] Jhhonnyy gibt auf (Lag: Av=0.35s, max=0.8s)} 1-0

[Event "Stay Safe Play From Home 263"]
[Site "Emanuel Lasker Arena"]
[Date "2020.06.29"]
[Round "7"]
[White "NeatFox"]
[Black "GIULIO19031975"]
[Result "0-1"]
[WhiteElo "1824"]
[BlackElo "1752"]
[Annotator "NA"]
[PlyCount "104"]
[EventDate "2020.06.29"]
[EventType "swiss (blitz)"]

1. g4 {[%emt 0:00:03]} c5 {[%emt 0:00:01]} 2. Bg2 {[%emt 0:00:00]} d5 {[%emt 0:00:00]} 3. c4 {[%emt 0:00:00]} Nc6 {[%emt 0:00:00]} 4. cxd5 {[%emt 0:00:01]} Nd4 {[%emt 0:00:00]} 5. e3 {[%emt 0:00:01]} Ne6 {[%emt 0:00:02]} 6. dxe6 {[%emt 0:00:02]} Bxe6 {[%emt 0:00:01]} 7. Qa4+ {[%emt 0:00:01]} Bd7 {[%emt 0:00:01]} 8. Qb3 {[%emt 0:00:01]} e6 {[%emt 0:00:01]} 9. Qxb7 {[%emt 0:00:03]} Rb8 {[%emt 0:00:01]} 10. Qxa7 {[%emt 0:00:01]} Nf6 {[%emt 0:00:01]} 11. g5 {[%emt 0:00:01]} Ng4 {[%emt 0:00:01]} 12. Bf3 {[%emt 0:00:04]} Nxf2 {[%emt 0:00:02]} 13. Kxf2 {[%emt 0:00:01]} Bd6 {[%emt 0:00:00]} 14. h4 {[%emt 0:00:01]} O-O {[%emt 0:00:03]} 15. Nc3 {[%emt 0:00:01]} e5 {[%emt 0:00:01]} 16. Nd5 {[%emt 0:00:03]} Be6 {[%emt 0:00:01]} 17. Nc3 {[%emt 0:00:03]} c4 {[%emt 0:00:04]} 18. b3 {[%emt 0:00:01]} Rc8 {[%emt 0:00:01]} 19. bxc4 {[%emt 0:00:01]} Bc5 {[%emt 0:00:01]} 20. Qa4 {[%emt 0:00:02]} Bxc4 {[%emt 0:00:03]} 21. Be2 {[%emt 0:00:07]} Bxe2 {[%emt 0:00:01]} 22. Ngxe2 {[%emt 0:00:00]} Qc7 {[%emt 0:00:03]} 23. Qg4 {[%emt 0:00:01]} g6 {[%emt 0:00:02]} 24. h5 {[%emt 0:00:03]} e4 {[%emt 0:00:04]} 25. Qxe4 {[%emt 0:00:02]} Rfe8 {[%emt 0:00:02]} 26. Qg4 {[%emt 0:00:02]} f5 {[%emt 0:00:01]} 27. gxf6 {[%emt 0:00:01]} Qf7 {[%emt 0:00:02]} 28. hxg6 {[%emt 0:00:09]} Qxf6+ {[%emt 0:00:01]} 29. Ke1 {[%emt 0:00:03]} Qxg6 {[%emt 0:00:02]} 30. Rg1 {[%emt 0:00:01]} Kg7 {[%emt 0:00:02]} 31. Qxg6+ {[%emt 0:00:01]} hxg6 {[%emt 0:00:00]} 32. Bb2 {[%emt 0:00:00]} Kf8 {[%emt 0:00:02]} 33. Nd5 {[%emt 0:00:00]} Re6 {[%emt 0:00:01]} 34. Nc7 {[%emt 0:00:00]} Rxc7 {[%emt 0:00:02]} 35. Rxg6 {[%emt 0:00:00]} Rxg6 {[%emt 0:00:01]} 36. Nf4 {[%emt 0:00:00]} Rg1+ {[%emt 0:00:01]} 37. Ke2 {[%emt 0:00:00]} Rxa1 {[%emt 0:00:01]} 38. Bxa1 {[%emt 0:00:00]} Bb4 {[%emt 0:00:00]} 39. Bg7+ {[%emt 0:00:00]} Rxg7 {[%emt 0:00:01]} 40. Ne6+ {[%emt 0:00:00]} Kf7 {[%emt 0:00:01]} 41. Nxg7 {[%emt 0:00:00]} Kxg7 {[%emt 0:00:00]} 42. e4 {[%emt 0:00:00]} Ba3 {[%emt 0:00:00]} 43. Kd3 {[%emt 0:00:00]} Kf6 {[%emt 0:00:00]} 44. e5+ {[%emt 0:00:00]} Ke6 {[%emt 0:00:00]} 45. Kc4 {[%emt 0:00:00]} Kxe5 {[%emt 0:00:00]} 46. d4+ {[%emt 0:00:00]} Kd6 {[%emt 0:00:01]} 47. d5 {[%emt 0:00:00]} Bb2 {[%emt 0:00:00]} 48. Kb3 {[%emt 0:00:00]} Be5 {[%emt 0:00:00]} 49. Kc2 {[%emt 0:00:00]} Kxd5 {[%emt 0:00:00]} 50. a4 {[%emt 0:00:00]} Bd6 {[%emt 0:00:00]} 51. a5 {[%emt 0:00:00]} Bc5 {[%emt 0:00:00]} 52. a6 {[%emt 0:00:00]} Ba7 {[%emt 0:00:00] Zeit (Lag: Av=1.08s, max=2.2s)} 0-1

[Event "Stay Safe Play From Home 263"]
[Site "Emanuel Lasker Arena"]
[Date "2020.06.29"]
[Round "7"]
[White "Edmatuag"]
[Black "Klasman"]
[Result "1-0"]
[WhiteElo "1676"]
[BlackElo "1299"]
[Annotator "NA"]
[PlyCount "59"]
[EventDate "2020.06.29"]
[EventType "swiss (blitz)"]

1. e4 {[%emt 0:00:01]} f5 {[%emt 0:00:02]} 2. exf5 {[%emt 0:00:03]} Nf6 {[%emt 0:00:01]} 3. Bd3 {[%emt 0:00:01]} d5 {[%emt 0:00:01]} 4. g4 {[%emt 0:00:02]} h6 {[%emt 0:00:02]} 5. h4 {[%emt 0:00:02]} c5 {[%emt 0:00:04]} 6. f3 {[%emt 0:00:01]} c4 {[%emt 0:00:01]} 7. Be2 {[%emt 0:00:01]} e6 {[%emt 0:00:05]} 8. fxe6 {[%emt 0:00:02]} Bxe6 {[%emt 0:00:01]} 9. d4 {[%emt 0:00:00]} Qc7 {[%emt 0:00:06]} 10. Be3 {[%emt 0:00:04]} Bd6 {[%emt 0:00:02]} 11. Bf2 {[%emt 0:00:01]} Bg3 {[%emt 0:00:01]} 12. Nh3 {[%emt 0:00:02]} Bxf2+ {[%emt 0:00:03]} 13. Nxf2 {[%emt 0:00:01]} Qg3 {[%emt 0:00:03]} 14. Nc3 {[%emt 0:00:04]} Nc6 {[%emt 0:00:01]} 15. Qd2 {[%emt 0:00:03]} O-O-O {[%emt 0:00:03]} 16. O-O-O {[%emt 0:00:01]} Qxf2 {[%emt 0:00:01]} 17. f4 {[%emt 0:00:05]} Ne4 {[%emt 0:00:03]} 18. Nxe4 {[%emt 0:00:02]} dxe4 {[%emt 0:00:01]} 19. d5 {[%emt 0:00:01]} Rxd5 {[%emt 0:00:02]} 20. Qe1 {[%emt 0:00:03]} Qe3+ {[%emt 0:00:02]} 21. Kb1 {[%emt 0:00:01]} Rxd1+ {[%emt 0:00:01]} 22. Bxd1 {[%emt 0:00:01]} Qxe1 {[%emt 0:00:02]} 23. Rxe1 {[%emt 0:00:02]} Bd5 {[%emt 0:00:01]} 24. c3 {[%emt 0:00:01]} Rf8 {[%emt 0:00:01]} 25. f5 {[%emt 0:00:02]} g6 {[%emt 0:00:02]} 26. fxg6 {[%emt 0:00:01]} Ne5 {[%emt 0:00:03]} 27. h5 {[%emt 0:00:02]} Rf4 {[%emt 0:00:03]} 28. a3 {[%emt 0:00:03]} Nxg4 {[%emt 0:00:01]} 29. Bxg4+ {[%emt 0:00:02]} Rxg4 {[%emt 0:00:01]} 30. Rf1 {[%emt 0:00:01] Time (Lag: Av=0.55s, max=1.1s)} 1-0

[Event "Stay Safe Play From Home 263"]
[Site "Emanuel Lasker Arena"]
[Date "2020.06.29"]
[Round "7"]
[White "Trotsky"]
[Black "Tumnik_ad"]
[Result "0-1"]
[WhiteElo "1631"]
[BlackElo "2006"]
[Annotator "NA"]
[PlyCount "74"]
[EventDate "2020.06.29"]
[EventType "swiss (blitz)"]

1. d4 {[%emt 0:00:01]} c6 {[%emt 0:00:00]} 2. e3 {[%emt 0:00:00]} d6 {[%emt 0:00:00]} 3. c4 {[%emt 0:00:01]} Nd7 {[%emt 0:00:01]} 4. Nc3 {[%emt 0:00:01]} h6 {[%emt 0:00:00]} 5. Bd3 {[%emt 0:00:01]} g5 {[%emt 0:00:00]} 6. Qc2 {[%emt 0:00:00]} Bg7 {[%emt 0:00:00]} 7. Nf3 {[%emt 0:00:01]} Nf8 {[%emt 0:00:00]} 8. Bd2 {[%emt 0:00:00]} Nf6 {[%emt 0:00:00]} 9. O-O-O {[%emt 0:00:01]} g4 {[%emt 0:00:00]} 10. Nh4 {[%emt 0:00:02]} h5 {[%emt 0:00:00]} 11. f3 {[%emt 0:00:04]} gxf3 {[%emt 0:00:03]} 12. gxf3 {[%emt 0:00:02]} e5 {[%emt 0:00:01]} 13. e4 {[%emt 0:00:02]} exd4 {[%emt 0:00:02]} 14. Ne2 {[%emt 0:00:01]} Nxe4 {[%emt 0:00:01]} 15. fxe4 {[%emt 0:00:01]} Qxh4 {[%emt 0:00:01]} 16. Nf4 {[%emt 0:00:03]} Bh6 {[%emt 0:00:02]} 17. Rdf1 {[%emt 0:00:02]} Ne6 {[%emt 0:00:02]} 18. e5 {[%emt 0:00:01]} Nxf4 {[%emt 0:00:02]} 19. exd6 {[%emt 0:00:02]} Nxd3+ {[%emt 0:00:01]} 20. Qxd3 {[%emt 0:00:02]} Bxd2+ {[%emt 0:00:01]} 21. Kxd2 {[%emt 0:00:03]} Qg5+ {[%emt 0:00:02]} 22. Kd1 {[%emt 0:00:02]} Bg4+ {[%emt 0:00:03]} 23. Ke1 {[%emt 0:00:01]} O-O-O {[%emt 0:00:02]} 24. h4 {[%emt 0:00:05]} Rde8+ {[%emt 0:00:03]} 25. Kf2 {[%emt 0:00:01]} Qf4+ {[%emt 0:00:03]} 26. Kg2 {[%emt 0:00:02]} Qxd6 {[%emt 0:00:10]} 27. Rf2 {[%emt 0:00:04]} f5 {[%emt 0:00:03]} 28. Rhf1 {[%emt 0:00:03]} Rhg8 {[%emt 0:00:02]} 29. Kh1 {[%emt 0:00:01]} Qe7 {[%emt 0:00:02]} 30. Rh2 {[%emt 0:00:02]} Qe4+ {[%emt 0:00:02]} 31. Qxe4 {[%emt 0:00:01]} Rxe4 {[%emt 0:00:00]} 32. Rg1 {[%emt 0:00:01]} Rge8 {[%emt 0:00:00]} 33. Rhg2 {[%emt 0:00:01]} Re1 {[%emt 0:00:01]} 34. Kh2 {[%emt 0:00:01]} d3 {[%emt 0:00:01]} 35. Kg3 {[%emt 0:00:02]} R1e3+ {[%emt 0:00:04] '} 36. Kf4 {[%emt 0:00:01]} d2 {[%emt 0:00:00]} 37. Kg5 {[%emt 0:00:01]} d1=Q {[%emt 0:00:01] Âðåìÿ (Lag: Av=0.33s, max=0.8s) .} 0-1